000 00696nam a2200229Ii 4500
003 JO-AjNU
008 230605s9999||||xx |||||||||||||| ||und||
017 _a2016/8/4137
020 _a978-9957-74-616-2
040 _aJO-AjNU
_bara
_erda
_cJO-AjNU
041 _aara
050 1 4 _aPJ7808 2017
100 3 _aابوعراق، سعادة ,
_eauthor
_957541
245 0 0 _aالاشتباكية: رواية
250 _aط1
264 3 1 _aعمان: دار كنوز المعرفة للنشر والتوزيع، 2017
300 _a71ص
336 _atext
_btxt
_2rdacontent
337 _aunmediated
_bn
_2rdamedia
338 _avolume
_bnc
_2rdacarrier
650 4 _aرواية-الحرب
_957542
999 _aA25793
_c29361
_d29361